00724nam a22002057a 450000500170000008200190001710000180003624501110005426000710016530000140023650200080025065000130025865000280027165000220029965000260032170000240034794200120037199900190038395201160040220260220100958.0 a630bBIS/SH PG aBismitha, S N aShade and harvesting management for productivity enhancement of medicinal coleus (Coleus forskohlii Briq.) aVellanikkarabDepartment of Agronomy, College of Agriculturec2025 a72,xiiip. aMSc aAgronomy aColeus forskohlii Briq. aMedicinal coleus  aHarvesting management aSindhu, P V (Guide) 2ddccTH c374370d374370 001040718THaKAUCLVbKAUCLVcTECHd2026-02-20l0o630 BIS/SH PGp176740r2026-02-20 10:10:21w2026-02-20yTH